000 00749nam a22002297a 4500
005 20170124105956.0
010 _a601357
020 _c00.00
_a2410173130
035 _a601357
037 _bCen Lib/Ret
040 _aDPL
_bEN
082 _a320.94
_bHOL
100 _aHolt, Stephen
_914730
245 _aSix European states :
_cby Stephen Holt
_b the countries of the European Community and their political systems /
260 _aLondon
_bHamish Hamilton
_c1970
270 _a90 Great Russel Street
_bLondon
300 _axi,414p.
_c20cm(Hb)
500 _aIncludes index
650 _aComparative government
_914731
650 _aEurope--European Economic Community countries
_914732
942 _2ddc
_cEN
_h320.94
_mHOL
999 _c125547
_d125547